000 00698nam a2200205Ia 4500
001 8402
003 GE_BSU
008 181216s||||||||xx |||||||||||||| ||und||
040 _cGE_BSU
080 _a821.353.1-32
100 _aერთაწმინდელი, სეზმან
245 _aმოთხრობები და ლექსები
245 _cრედ. ე.ზედგინიძე,მხატვ. ა. გორგაძე
260 _aთბილისი
260 _bსაბჭოთა მწერალი
260 _c1960
300 _a150გვ.19სმ.
653 _aმოთხრობები და ლექსები
942 _cBK
999 _c41721
_d41721